00453nam a2200121Ia 4500008004100000245014100041260004500182260000900227300000900236500001000245650001300255856006300268170516s9999 xx 000 0 und d aPreparation and characterization of solidified oleanolic acid–phospholipid complex aiming to improve the dissolution of oleanolic acid bAsian Journal of Pharmaceutical Sciences c2016 a11:2 aApril xPharmacy uhttp://www.sciencedirect.com/science/journal/18180876/11/2